| 000 | 01494nam a2200457 i 4500 | ||
|---|---|---|---|
| 001 | 3055 | ||
| 003 | KOSZ 005 | ||
| 005 | 20200417073739.0 | ||
| 008 | 990506s1983 pl a f f |000 0 pol | ||
| 015 | _aPB 1983/3310 | ||
| 035 | _a(PL-WaBN)b1257045x-48omnis_nlop | ||
| 035 | _ab1257045x | ||
| 035 | _a(OCoLC)830229562 | ||
| 035 | _a(PL)b000001257045x | ||
| 040 |
_aWA N _cWA N _dKOSZ 005/HR |
||
| 041 | 0 | _apol | |
| 046 | _k1978 | ||
| 080 | _a66.023 | ||
| 080 | _a(075.8) | ||
| 100 | 1 |
_aPikoń, Jerzy _d(1931-1989) _eAutor |
|
| 245 | 1 | 0 |
_aAparatura chemiczna : _b[podręcznik dla studentów wyższych szkół technicznych] / _cJerzy Pikoń. |
| 250 | _aWyd. 2 zm. | ||
| 260 |
_aWarszawa : _bPańst. Wydaw. Naukowe, _c1983. |
||
| 300 |
_a1041, [1] s., [4] k. tabl. : _bfot., rys., wykr. ; _c24 cm. |
||
| 336 |
_2rdacontent _aTekst _btxt |
||
| 337 |
_2rdamedia _aBez urządzenia pośredniczącego _bn |
||
| 338 |
_2rdacarrier _aWolumin _bnc |
||
| 380 | _aKsiążki | ||
| 380 | _aPublikacje dydaktyczne | ||
| 385 |
_mPoziom nauczania _aSzkoły wyzsze |
||
| 388 | _a1901-2000 | ||
| 388 | _a1945-1989 | ||
| 504 | _aBibliogr. s. 1040-1041. | ||
| 658 | _aInżynieria i technika | ||
| 655 | 7 |
_aPodręczniki akademickie _2DBN |
|
| 650 | 7 | _aNarzędzia i maszyny | |
| 650 | 7 |
_aTechnologia chemiczna _2DBN |
|
| 856 |
_uhttp://koha.tu.koszalin.pl/cgi-bin/koha/opac-detail.pl?biblionumber=3055 _yKatalog online BPK |
||
| 942 |
_2UKD _cKS |
||
| 999 |
_c3055 _d3055 |
||